Vplyv DPH na cenotvorbu v podmienkach Slovenskej republiky diplomová práca

Na minha lista:
Detalhes bibliográficos
Autor principal: Rimeš, Michal, 1996-
Autor Corporativo: Národohospodárska fakulta EU. Katedra financií
Outros Autores: Rabatinová, Marcela, 1977-
Formato: Livro
Idioma:eslovaco
Publicado em: Bratislava 2021
Tags: Adicionar Tag
Sem tags, seja o primeiro a adicionar uma tag!

MARC

LEADER 00000nbm a2200000 4500
001 0274146
005 20220104092143.4
041 0 |a slo 
044 |a SK 
245 1 0 |a Vplyv DPH na cenotvorbu v podmienkach Slovenskej republiky  |b diplomová práca  |c Michal Rimeš ; školiteľ: Marcela Rabatinová 
264 1 |a Bratislava  |c 2021 
300 |a 78 s. 
100 1 |a Rimeš, Michal, 1996- 
700 1 |a Rabatinová, Marcela, 1977- 
710 2 |a Národohospodárska fakulta EU. Katedra financií